Statistics for Top Ranked Nations in Rugby by Continent

Click here to take the quiz!

General Stats

  • This quiz has been taken 53 times
  • The average score is 27 of 36

Answer Stats

ContinentRankAnswer% Correct
Oceania9Australia
98%
North America21Canada
98%
Europe4France
98%
Oceania3New Zealand
98%
Africa1South Africa
98%
North America17United States
96%
South America7Argentina
94%
Europe5England
94%
Europe2Ireland
94%
North America49Mexico
94%
South America28Brazil
92%
Asia12Japan
92%
Europe6Scotland
92%
Oceania15Samoa
90%
Europe8Wales
90%
Oceania10Fiji
88%
Europe11Italy
88%
South America23Chile
85%
Africa34Kenya
83%
Oceania16Tonga
83%
Africa22Namibia
81%
South America18Uruguay
81%
South America41Colombia
77%
South America38Paraguay
73%
North America66Jamaica
69%
Asia30South Korea
69%
Africa31Zimbabwe
58%
Asia14Georgia
54%
Africa37Uganda
48%
Asia39Philippines
46%
North America50Trinidad & Tobago
46%
Africa43Madagascar
33%
Asia24Hong Kong
29%
Asia45Sri Lanka
23%
Oceania52Cook Islands
21%
North America54Cayman Islands
15%

Score Distribution

Percentile by Number Answered

Percent of People with Each Score

Your Score History

You have not taken this quiz